ARRUPE JESUIT UNIVERSITY

CORONAVIRUS -STOP THE SPREAD - CLEAN,DISINFECT,COVER

Women and law in southern Africa / (Record no. 129884)

MARC details
000 -LEADER
fixed length control field 00982cam a2200289 a 4500
001 - CONTROL NUMBER
control field 1978882
003 - CONTROL NUMBER IDENTIFIER
control field ARRUPE
005 - DATE AND TIME OF LATEST TRANSACTION
control field 20190924111117.0
008 - FIXED-LENGTH DATA ELEMENTS--GENERAL INFORMATION
fixed length control field 890628s1987 rh b b 000 0 eng
010 ## - LIBRARY OF CONGRESS CONTROL NUMBER
LC control number 88980349
020 ## - INTERNATIONAL STANDARD BOOK NUMBER
International Standard Book Number 0949225487 :
Terms of availability $5.00
040 ## - CATALOGING SOURCE
Original cataloging agency DLC
Transcribing agency DLC
Modifying agency DLC
043 ## - GEOGRAPHIC AREA CODE
Geographic area code fs-----
050 00 - LIBRARY OF CONGRESS CALL NUMBER
Classification number KQC145.W64
Item number A185 1987
082 00 - DEWEY DECIMAL CLASSIFICATION NUMBER
Classification number 346.6801/34
-- 346.806134
Edition number 19
300 ## - PHYSICAL DESCRIPTION
Other physical details map ;
Dimensions 21 cm.
245 00 - TITLE STATEMENT
Title Women and law in southern Africa /
Statement of responsibility, etc edited by Alice Armstrong, assisted by Welshman Ncube.
260 ## - PUBLICATION, DISTRIBUTION, ETC. (IMPRINT)
Place of publication, distribution, etc Harare, Zimbabwe :
Name of publisher, distributor, etc Zimbabwe Pub. House,
Date of publication, distribution, etc 1987.
300 ## - PHYSICAL DESCRIPTION
Extent xiv, 281 p. :
440 #0 - SERIES STATEMENT/ADDED ENTRY--TITLE
Title Women of Africa series
9 (RLIN) 44484
504 ## - BIBLIOGRAPHY, ETC. NOTE
Bibliography, etc Includes bibliographies.
650 #0 - SUBJECT ADDED ENTRY--TOPICAL TERM
Topical term or geographic name as entry element Women
General subdivision Legal status, laws, etc.
Geographic subdivision Africa, Southern.
9 (RLIN) 48249
651 ## - SUBJECT ADDED ENTRY--GEOGRAPHIC NAME
Geographic name Africa, Southern
General subdivision Popular works
9 (RLIN) 48250
700 1# - ADDED ENTRY--PERSONAL NAME
Personal name Armstrong, Alice.
9 (RLIN) 25886
700 1# - ADDED ENTRY--PERSONAL NAME
Personal name Ncube, Welshman.
9 (RLIN) 48251
906 ## - LOCAL DATA ELEMENT F, LDF (RLIN)
a 7
b cbc
c orignew
d 3
e ncip
f 19
g y-gencatlg
942 ## - ADDED ENTRY ELEMENTS (KOHA)
Source of classification or shelving scheme Library of Congress Classification
Koha item type Monograph ( Printed materials)
Holdings
Withdrawn status Lost status Source of classification or shelving scheme Damaged status Not for loan Collection code Home library Current library Shelving location Date acquired Total Checkouts Full call number Barcode Date last seen Price effective from Koha item type
    Library of Congress Classification     Main Collection ARRUPE LIBRARY ARRUPE LIBRARY Main Collection 24/09/2019   KQC145.W64 A185 1987 46600000870 24/09/2019 24/09/2019 Monograph ( Printed materials)

 

Arrupe Library. PO Box MP320 Mt Pleasant, Harare, Zimbabwe
263 242 745411|librarian@aju.ac.zw